000 00505 a2200157 4500
999 _c26653
_d26653
008 230626b ||||| |||| 00| 0 eng d
020 _a9780070634190
_cRs995.00
082 0 0 _a510.2462
_bR1657
100 _aRamana, B. V.
_95554
245 _aHigher Engineering Mathematics /
_cB.V. Ramana
260 _aChennai:
_bMcGraw Hill Education (India) Pvt. Ltd.,
_c2022.
300 _axviii, I.18 p. :
_bill. ;
_c24 cm.
490 0 _aCore Engineering Series
650 0 _aEngineering Mathematics
942 _2ddc
_cBK